000 00501nam a2200193Ia 4500
005 20250326140857.0
008 250326s9999 xx 000 0 und d
020 _a0333-92921-7
037 _aTextbook
040 _aFMSL
_beng
_cFMSL
041 _aeng
_2eng
084 _aX:87 N1
_qFMSL
100 _aReddin W J
245 0 _aOutput oriented manager
_cReddin W J
260 _aDelhi
_bDelhi, Macmillian
_c1991
300 _a376p
942 _cTB
_hX:87 N1
999 _c1287696
_d1287696